365 : a year of everyday cooking and baking /

Bibliographic Details
Main Author: Peters, Meike, 1975- (Author)
Format: Book
Language:English
Published: Munich ; London ; New York : Prestel, [2019]
Subjects:

MARC

Tag First Indicator Second Indicator Subfields
LEADER 00000cam a2200000 i 4500
001 in00004092467
008 190128s2019 gw a 001 0 eng
005 20250318214711.8
010 |a  2019004033 
019 |a 1081359024  |a 1121187628 
020 |a 9783791385112 
020 |a 3791385119  |q hardcover 
035 |a (OCoLC)on1083676213 
035 |a (OCoLC)1083676213  |z (OCoLC)1081359024  |z (OCoLC)1121187628 
040 |a DLC  |b eng  |e rda  |c DLC  |d OCLCO  |d BDX  |d YDX  |d OCLCF  |d OCLCO  |d JAS  |d YDX  |d RB0 
042 |a pcc 
050 0 0 |a TX714  |b .P46229 2019 
082 0 0 |a 641.5/64  |2 23 
100 1 |a Peters, Meike,  |d 1975-  |e author. 
245 1 0 |a 365 :  |b a year of everyday cooking and baking /  |c Meike Peters. 
246 3 |a Three hundred sixty-five 
264 1 |a Munich ;  |a London ;  |a New York :  |b Prestel,  |c [2019] 
300 |a 448 pages :  |b color illustrations ;  |c 26 cm 
336 |a text  |b txt  |2 rdacontent 
337 |a unmediated  |b n  |2 rdamedia 
338 |a volume  |b nc  |2 rdacarrier 
500 |a Includes index. 
650 0 |a Seasonal cooking. 
650 7 |a Seasonal cooking.  |2 fast  |0 (OCoLC)fst01749518 
655 7 |a Cookbooks.  |2 lcgft 
655 7 |a Cookbooks.  |2 fast  |0 (OCoLC)fst01752725 
852 8 |b pda,print  |z This title is available for the library to purchase for your use. Click the "Purchase It For Me" button to place a request. This item may take 5-10 business days to arrive. 
955 |a Print PDA title 
999 f f |s 1737d13f-5c44-4b19-8feb-6048b97808c0  |i 12485da5-abf1-3873-ae13-587fed086cf4  |t 0 
952 f f |a Texas A&M University  |b College Station  |c Sterling C. Evans Library  |d Purchase on Demand  |t 0  |e TX714 .P46229 2019  |h Library of Congress classification 
998 f f |a TX714 .P46229 2019  |t 0  |l Purchase on Demand